| 000 | 00355nam a22001577a 4500 | ||
|---|---|---|---|
| 003 | OSt | ||
| 008 | 240326b |||||||| |||| 00| 0 eng d | ||
| 020 | _a9780199477388 | ||
| 082 | _a004.678 SIC | ||
| 100 | _aSINGH,Shailendra | ||
| 245 | _aCloud Computing | ||
| 250 | _a4th Ed | ||
| 260 |
_aNew Delhi _bOxford _c2022 |
||
| 300 | _a326 | ||
| 942 |
_2ddc _cREF |
||
| 999 |
_c12304 _d12304 |
||